000 00328nam a2200133Ia 4500
008 191201s2011 xx 000 0 und d
100 _aBLOWFIELD,Michael
245 0 _aCorporate Responsibility A Critical Introduction
250 _aRep
260 _aN. Delhi
_bOxford
_c2011
300 _a452
650 _aMBA
942 _2ddc
_cBK
999 _c4804
_d4804